000 00286nam a22001217a 4500
008 180522b xxu||||| |||| 00| 0 eng d
041 _aeng
080 _a043.3
100 _a0
101 _aSI-BA
245 _aNdikimi i Inovacionit ne Sigurine e te dhenave
_cKuqi, M
942 _2udc
_cBK
999 _c46161
_d46161